[Event "31. Open de San Sebastian"]
[Site "San Sebastián ESP"]
[Date "2008.03.22"]
[Round "8.47"]
[White "Marchena Hurtado, Javier"]
[Black "Parfett, Gerald F"]
[Result "1-0"]
[WhiteElo "1809"]
[BlackElo "1648"]
[PlyCount "75"]
[EventDate "2008.03.16"]
[EventType "swiss"]
[EventRounds "9"]
[EventCountry "ESP"]
[Source "lmi"]
[SourceDate "2008.03.16"]

1. e4 Nf6 2. e5 Nd5 3. d4 d6 4. c4 Nb6 5. exd6 exd6 6. Nc3 Be7 7. Bd3 Nc6 8.
Nge2 Bf6 9. Be3 O-O 10. b3 Bg4 11. f3 Bh5 12. O-O Bg6 13. Ne4 Bxe4 14. fxe4 Re8
15. Rc1 a5 16. a4 g6 17. Bb1 Bg7 18. Qd2 Nd7 19. Rcd1 Nf6 20. Ng3 Qd7 21. Bh6
Re7 22. Bg5 Ne8 23. Bxe7 Nxe7 24. Rf3 b6 25. Ne2 c6 26. Rdf1 f6 27. b4 c5 28.
b5 Rd8 29. Rd1 Rc8 30. Ba2 Kh8 31. Nf4 f5 32. dxc5 Rxc5 33. exf5 Nxf5 34. Kh1
Be5 35. Nd3 Qe7 36. Nxc5 dxc5 37. Qd7 Qh4 38. Qxe8+ 1-0